Comuni della Provincia di Mantova - Statistics

Statistiche generali
  • Questo quiz è stato fatto 245 volte
  • Il punteggio medio è 30 su 64
Statistiche sulle risposte
Comune % Corretto
Mantova
91%
Suzzara
76%
Asola
74%
Viadana
72%
Goito
71%
Castiglione delle Stiviere
69%
Curtatone
68%
Volta Mantovana
68%
Porto Mantovano
62%
Castellucchio
59%
Castel Goffredo
58%
Bagnolo San Vito
57%
Ostiglia
57%
Borgo Virgilio
56%
Guidizzolo
56%
Marmirolo
56%
San Benedetto Po
56%
Castel d'Ario
55%
Bozzolo
54%
Marcaria
54%
Rodigo
54%
Roverbella
54%
Gonzaga
53%
Pegognaga
52%
Solferino
52%
Quistello
51%
Cavriana
50%
Ceresara
50%
Poggio Rusco
50%
Acquanegra sul Chiese
49%
Monzambano
49%
Sermide e Felonica
47%
Roncoferraro
46%
Sabbioneta
45%
Gazoldo degli Ippoliti
43%
Medole
43%
Castelbelforte
42%
San Giorgio Bigarello
42%
Villimpenta
42%
Ponti sul Mincio
41%
Rivarolo Mantovano
38%
San Giacomo delle Segnate
38%
Sustinente
37%
Casaloldo
35%
Mariana Mantovana
35%
Moglia
35%
Quingentole
35%
Borgo Mantovano
34%
Canneto sull'Oglio
34%
Commessaggio
34%
Casalmoro
33%
Dosolo
33%
Piubega
33%
Pomponesco
32%
Magnacavallo
30%
Borgocarbonara
29%
Casalromano
29%
Redondesco
29%
Gazzuolo
27%
Motteggiana
25%
Schivenoglia
24%
San Martino dall'Argine
22%
San Giovanni del Dosso
21%
Serravalle a Po
20%
Nessun quiz corrispondente trovato
Distribuzione punteggi
Percentuale di utenti per punteggio
Percentile per numero di risposta
I tuoi punteggi nel tempo
Non hai fatto questo quiz